Регионална библиотека "Любен Каравелов" - Русе

Собствени имена (Запис номер 20410)

MARC детайли
000 -Лидер
Контролно поле с фиксирана дължина 01749nam a2200385 c 4500
003 - Код на организацията, давaща контролен номер
Контролно поле BLK
005 - Дата и час на последна редакция
Контролно поле 20180422095147.0
008 - Елементи от данни с фиксирана дължина
fixed length control field 180413b bul|||||r ||||||| ||bul||
010 ## - Наследен системен номер
LC control number KNG00022633000
020 ## - Международен стандартен номер на книга ISBN
Международен стандартен номер на книга ISBN 954-8478-12-9
-- издат.: Сонм
040 ## - Източник на каталожния запис
Идентификатор на билиотеката - собственик на записа BLK
041 ## - Код за език
Код за езика на текст/звукозапис или на отделно заглавие Български
Код за езика КДБФ Български
080 ## - УДК
Текстов определител УДК Общи работи. Философски науки в цялост
УДК код - определител по УДК 101
УДК определител (092)
УДК - код + определител 101(092)
080 ## - УДК
Текстов определител УДК Теория на литературата. Литературна техника
УДК код - определител по УДК 82.01/.09
УДК определител 1
УДК - код + определител 82.01/.091
080 ## - УДК
Текстов определител УДК Биографии
УДК код - определител по УДК 929
УДК определител
УДК - код + определител 929
100 1# - Редна дума - Автор
Автор Левинас, Еманюел
Авторска отговорност първи автор
R(LIN) 88096
139 ## - Редно поле
Редна дума Левинас, Еманюел
Авторски знак Лев - Л 35
245 10 - Сведения за заглавието
Заглавие Собствени имена
Подзаглавни данни Аньон, Бубер, Вал, Ван Бреда, Делом, Дерида, Жабес, Киркегор, Лакроа, Лапорт, Пикар, Пруст, Селан
Редно поле (дума) Еманюел Левинас; прев. Тодорка Минева; прев. Веселин Праматаров.
257 ## - Страна на издаване
Страна на създаване/издаване Франция
260 ## - Област на издателските данни
-- София
Име на издателя, разпространителя и проч. Сонм
Година на издаване 1997
Печатница Плевен : Евразия-Абагар
300 ## - Физическа характеристика
Страници 136 с.
Размери/Мащаб 20 см
380 ## - Жанр
Жанр Философия
490 1# - СЕРИИ (Колекции)
Име на серия Библиотека Перо
500 ## - Общи забележки
Забележка Ориг. загл. Noms propres / Emmanuel Levinas. - 500 тир.
650 #4 - Допълнително описание по предмет – тема
Основно описание – тема или топоним Философия, съвременна
9 (RLIN) 254592
650 #4 - Допълнително описание по предмет – тема
Основно описание – тема или топоним Философи, съвременни
9 (RLIN) 254593
650 #4 - Допълнително описание по предмет – тема
Основно описание – тема или топоним Литературно творчество
9 (RLIN) 264754
700 1# - Други автори (авторска отговорност)
Лично име Минева, Тодорка
Автороска отговорност (Описва отношението между автора и произведението) прев.
9 (RLIN) 363757
700 1# - Други автори (авторска отговорност)
Лично име Праматаров, Веселин
Автороска отговорност (Описва отношението между автора и произведението) прев.
9 (RLIN) 363960
852 ## - Местоположение
Форматна сигнатура Цб 197122
856 4# - Електронен адрес и достъп
Електронен формат pdf - файл
Път до файла /url/
856 4# - Електронен адрес и достъп
Електронен формат pdf - файл
Път до файла /url/
942 ## - АРТИКУЛИ
Вид на библиотечния материал Книги
Скрит в OPAC Не
944 ## - СЪЗДАВАНЕ И РЕДАКЦИЯ на ЗАПИСА
Създаване/Редакция Създаване
Дата на регистрацията/редакция 15.01.2003
Служител, извършил регистрацията/редакцията AB_DOS
944 ## - СЪЗДАВАНЕ И РЕДАКЦИЯ на ЗАПИСА
Създаване/Редакция Редакция
Дата на регистрацията/редакция 15.01.2003
Служител, извършил регистрацията/редакцията
999 ## - СИСТЕМНИ КОНТРОЛНИ НОМЕРА
Koha biblionumber 20410
Koha biblioitemnumber 20410
Наличности
Код за отписване Код за изгубен артикул Източник на класификационната схема Код за повреда Коз за рестрикции Код за отдаване Артикулен № Име на библиотеката - собственик Име на библиотеката, в която се намира в момента Статус (Текущо местоположение) Дата на вписване в системата Местоположение - отдел Цена в лева Инвентарен номер Систематично азбучна сигнатура Баркод Номер на екземпляра Цена в евро Служебен тип на артикула Служебна бележка
  Не е изгубен Universal Decimal Classification Не е повреден без рестрикции ползва се в читалня 33862 Регионална библиотека "Любен Каравелов" Русе Регионална библиотека "Любен Каравелов" Русе Хранилище 2001-01-01 Хранилище 0.00 640844 Цб 197122 120000640844 1 0.00 Книги  
Изтеглен Не е изгубен   Не е повреден без рестрикции заемане за дома 33863 Регионална библиотека "Любен Каравелов" Русе Регионална библиотека "Любен Каравелов" Русе Заемна - подръчен фонд 1997-01-01 Заемна - подръчен фонд 0.01 647852 П 101(092)/Л 35 647852 2 0.01 Книги Дост: Pk Вид: Ф N: стар фонд Дата: 01.01.1997 Дата инв: 01.02.2018 Бележки инв: П2018
Vip Innovations Ltd, Rousse, Bulgaria 2025